000 00460nam a2200181 4500
003 OSt
005 20160331172057.0
008 160331b xxu||||| |||| 00| 0 eng d
020 _a0140143378
040 _c040a
082 _a301
_bWOR 1991
245 _aThe new modern sociology readings /
_cPeter Worsley
260 _aLondon
_bPenguin books
_c1991
300 _ax,551p;
_c8 cm
504 _aincludes index
650 _aSociology
_92259
942 _2ddc
_cSLOAN
999 _c3376
_d3376